000 00779nam a2200253Ia 4500
003 GCL
008 140319s9999 xx 000 0 ara d
040 _aGCL /
_cGCL
082 0 4 _a154.634
_bع ا
100 1 _aعبدالحكيم العفيفى
245 1 0 _aالاحلام والكوابيس تفسير علمى ودينى /
_cعبدالحكيم العفيفى
260 _a[S.N] :
_bالدار المصرية اللبنانية ،
_c1993
300 _a159 ص
490 _a
650 0 4 _aعلم النفس
650 0 4 _aالتحليل النفسى
650 0 4 _aعلم النفس الفسيولوجى
650 0 4 _aاللاشعور
650 0 4 _aالنوم
650 0 4 _aالافلام
650 0 4 _aالارق
650 0 4 _aالكابوس
942 _2ddc
_cBK
999 _c32125
_d32125